00525nam a22002172 4500001001100000005001700011008004100028020001700069040001500086245003600101250001200137260005200149300001500201650003800216700003800254852000300292852000300295852000300298852000300301852000300304000002324620151217152238.0120911s xx 000 0 eng d a0073515418 : aKABUcKABU10aNursing /cRoberta Pavy Ramont. a1st ed. aDubuque :bContemporary learning series,c2006. axx, 187 p. 0aNursingvPeriodicals.@00001712481 aRamont, Roberta Pavy.@00001825981 1 1 1 1